|
|
|
|
| LEADER |
00654nab a2200181 i 4500 |
| 001 |
acta7041 |
| 005 |
20210129130802.0 |
| 008 |
161015s2000 hu o 0|| hun d |
| 022 |
|
|
|a 0324-6523
|
| 040 |
|
|
|a SZTE Egyetemi Kiadványok Repozitórium
|b hun
|
| 041 |
|
|
|a hun
|
| 100 |
1 |
|
|a Blazovich László
|
| 245 |
1 |
2 |
|a A peres eljárás a 15-16. századi alföldi városokban
|h [elektronikus dokumentum] /
|c Blazovich László
|
| 260 |
|
|
|c 2000
|
| 300 |
|
|
|a 51-70
|
| 490 |
0 |
|
|a Acta Universitatis Szegediensis : acta juridica et politica
|v 58 No. 1-41
|
| 695 |
|
|
|a Jogtudomány
|
| 856 |
4 |
0 |
|u http://acta.bibl.u-szeged.hu/7041/1/juridpol_058_051-070.pdf
|z Dokumentum-elérés
|